|
|
|
|
| LEADER |
00000nam a22000007a 4500 |
| 005 |
20200312225633.0 |
| 007 |
cr|||| |||| |
| 008 |
200312s2018 es |||||s|||| 00||0 spa d |
| 020 |
|
|
|a 978-84-9123-791-4
|
| 035 |
|
|
|a 31301
|
| 040 |
|
|
|a vLex
|
| 090 |
|
|
|c 10253
|d 10253
|
| 100 |
1 |
|
|a Bussani, Mauro
|
| 245 |
1 |
2 |
|a El derecho de Occidente
|h [Recurso electrn̤ico] /
|c Mauro Bussani
|
| 256 |
|
|
|a Servicio en ln̕ea
|
| 260 |
|
|
|a Madrid:
|b Marcial Pons,
|c 2018
|
| 300 |
|
|
|a 1 recurso electrn̤ico
|
| 506 |
1 |
|
|a Disponible solo en los productos indicados
|d vLex Global
|d vLex Global (Academic Edition, excluding Law Schools)
|d vLex Global (U.S. Academic Edition, Law Schools)
|d vLex Global (U.S. Academic Edition, excluding Law Schools)
|d vLex Global (Academic Edition, Law Schools)
|
| 650 |
0 |
4 |
|a Derecho Internacional
|z Espaą
|
| 740 |
0 |
|
|a vLex Libros (Servicio en ln̕ea)
|
| 856 |
4 |
0 |
|u http://vlex.com/source/derecho-occidente-31301
|z Acceso restringido
|
| 942 |
|
|
|c BOOK
|
| 999 |
0 |
|
|a International right
|